Pháp luật dân sự và thực tiễn xét xử
Cung cấp những kiến thức cơ bản về pháp luật dân sự và thực tiễn xét xử: bảo vệ quyền sở hữu theo quy định của Bộ luật dân sự năm 2005, chuyển quyền sử dụng đất và hướng xử lý tranh chấp, chuyển quyền sử dụng đất có liên quan...
Đã lưu trong:
| 主要作者: | |
|---|---|
| 格式: | 圖書 |
| 語言: | Undetermined |
| 出版: |
Hà Nội
Chính trị Quốc gia
2015
|
| 主題: | |
| 標簽: |
添加標簽
沒有標簽, 成為第一個標記此記錄!
|
| Thư viện lưu trữ: | Trung tâm Học liệu Trường Đại học Cần Thơ |
|---|
| LEADER | 01181nam a2200217Ia 4500 | ||
|---|---|---|---|
| 001 | CTU_199770 | ||
| 008 | 210402s9999 xx 000 0 und d | ||
| 020 | |c 77000 | ||
| 082 | |a 347.597012 | ||
| 082 | |b L561 | ||
| 100 | |a Tưởng, Duy Lượng | ||
| 245 | 0 | |a Pháp luật dân sự và thực tiễn xét xử | |
| 245 | 0 | |c Tưởng Duy Lượng | |
| 260 | |a Hà Nội | ||
| 260 | |b Chính trị Quốc gia | ||
| 260 | |c 2015 | ||
| 520 | |a Cung cấp những kiến thức cơ bản về pháp luật dân sự và thực tiễn xét xử: bảo vệ quyền sở hữu theo quy định của Bộ luật dân sự năm 2005, chuyển quyền sử dụng đất và hướng xử lý tranh chấp, chuyển quyền sử dụng đất có liên quan đến chính sách cải tạo của Nhà nước, quyền thừa kế, xác lập quyền sở hữu theo thời hiệu... | ||
| 650 | |a Civil procedure,Tố tụng dân sự | ||
| 650 | |z Vietnam,Việt Nam | ||
| 904 | |i Hải | ||
| 980 | |a Trung tâm Học liệu Trường Đại học Cần Thơ | ||